| 000 | 00942nab a2200277 4500 | ||
|---|---|---|---|
| 003 | BR-BrBNA | ||
| 005 | 20241106102327.0 | ||
| 008 | 241106b bl.||||| |||| 00| 0 por d | ||
| 040 |
_aBR-BrBNA _bpor |
||
| 072 | _aE10 ; E70 ; S01 | ||
| 100 | _aCarvalho, Jefferson Luiz de | ||
| 245 | _aCEASAS: novas estratégias para velhas funções | ||
| 500 | _a11 illus.; 2 tables; 4 graphs | ||
| 650 | _aPOLÍTICA DE ABASTECIMENTO | ||
| 650 | _aENTREPOSTO | ||
| 650 | _aSUPRIMENTO DE ALIMENTO | ||
| 650 | _aCOMERCIALIZAÇÃO | ||
| 650 | _aCONSUMIDOR | ||
| 650 | _aHÁBITO ALIMENTAR | ||
| 650 | _aQUALIDADE DO ALIMENTO | ||
| 650 | _aDEMANDA | ||
| 650 | _aAGREGAÇÃO DE VALOR | ||
| 773 | 0 |
_04115 _9345193 _dPiracicaba-SP Centro de Estudos Avançados em Economia Aplicada-CEPEA/USP/ESALQ 2002 _o2024-5686 _tHortifruti Brasil (Brazil) _x1981-1837 _gv. 5(52) p. 6-15; (Nov 2006) _wBR2024003113 |
|
| 942 | _cANA | ||
| 999 |
_c328453 _d328453 |
||